[Event "April 9 Early 2024"]
[Site "Chess.com"]
[Date "2024.04.09"]
[Round "3"]
[White "Kushch, Nikolai"]
[Black "Hulka, Valentyn"]
[Result "0-1"]
[Board "59"]
[WhiteFideId "14101092"]
[BlackFideId "34107061"]
[WhiteTitle "IM"]
[BlackTitle "FM"]
[WhiteElo "2475"]
[BlackElo "2815"]
[WhiteTeam "UKR"]
[BlackTeam "UKR"]
[WhiteClock "0:01:08"]
[BlackClock "0:01:51"]
[Variant "Standard"]

1. Nf3 {[%clk 0:03:00]}  d5 {[%clk 0:03:00]} 2. d4 {[%clk 0:03:00]}  Nf6 {[%clk 0:03:00]} 3. c4 {[%clk 0:02:59]}  e6 {[%clk 0:03:00]} 4. Nc3 {[%clk 0:02:59]}  c5 {[%clk 0:03:01]} 5. cxd5 {[%clk 0:02:58]}  cxd4 {[%clk 0:03:01]} 6. Nxd4 {[%clk 0:02:54]}  Nxd5 {[%clk 0:03:01]} 7. Ndb5 {[%clk 0:02:42]}  Bb4 {[%clk 0:02:53]} 8. Bd2 {[%clk 0:02:41]}  Nxc3 {[%clk 0:02:45]} 9. Bxc3 {[%clk 0:02:40]}  Bxc3+ {[%clk 0:02:45]} 10. Nxc3 {[%clk 0:02:39]}  O-O {[%clk 0:02:45]} 11. Qxd8 {[%clk 0:02:35]}  Rxd8 {[%clk 0:02:46]} 12. e3 {[%clk 0:02:34]}  Bd7 {[%clk 0:02:45]} 13. Be2 {[%clk 0:02:30]}  Bc6 {[%clk 0:02:45]} 14. f3 {[%clk 0:02:29]}  Nd7 {[%clk 0:02:46]} 15. Kf2 {[%clk 0:02:27]}  Rac8 {[%clk 0:02:43]} 16. Rhd1 {[%clk 0:02:26]}  Kf8 {[%clk 0:02:44]} 17. Rd4 {[%clk 0:02:17]}  Ke7 {[%clk 0:02:44]} 18. Rad1 {[%clk 0:02:16]}  Nf6 {[%clk 0:02:43]} 19. g4 {[%clk 0:02:11]}  h6 {[%clk 0:02:43]} 20. h4 {[%clk 0:02:11]}  g5 {[%clk 0:02:43]} 21. hxg5 {[%clk 0:02:10]}  hxg5 {[%clk 0:02:44]} 22. a4 {[%clk 0:02:06]}  e5 {[%clk 0:02:43]} 23. R4d2 {[%clk 0:02:05]}  Rxd2 {[%clk 0:02:36]} 24. Rxd2 {[%clk 0:02:04]}  Rd8 {[%clk 0:02:37]} 25. Rxd8 {[%clk 0:02:03]}  Kxd8 {[%clk 0:02:38]} 26. Kg3 {[%clk 0:02:02]}  Nd5 {[%clk 0:02:33]} 27. Ne4 {[%clk 0:01:53]}  f6 {[%clk 0:02:25]} 28. Kf2 {[%clk 0:01:53]}  Ke7 {[%clk 0:02:24]} 29. b3 {[%clk 0:01:48]}  Nb4 {[%clk 0:02:12]} 30. Ng3 {[%clk 0:01:46]}  Bd5 {[%clk 0:02:08]} 31. Bd1 {[%clk 0:01:45]}  Nd3+ {[%clk 0:02:07]} 32. Ke2 {[%clk 0:01:44]}  Nc1+ {[%clk 0:02:05]} 33. Kd2 {[%clk 0:01:41]}  Nxb3+ {[%clk 0:02:06]} 34. Kc3 {[%clk 0:01:38]}  Nc5 {[%clk 0:02:04]} 35. e4 {[%clk 0:01:37]}  Be6 {[%clk 0:02:03]} 36. a5 {[%clk 0:01:34]}  Kd6 {[%clk 0:02:02]} 37. Be2 {[%clk 0:01:33]}  Bd7 {[%clk 0:02:00]} 38. Kb4 {[%clk 0:01:32]}  Ne6 {[%clk 0:01:56]} 39. Nh5 {[%clk 0:01:31]}  Ke7 {[%clk 0:01:53]} 40. Bc4 {[%clk 0:01:30]}  Nd4 {[%clk 0:01:53]} 41. Bd5 {[%clk 0:01:26]}  b6 {[%clk 0:01:51]} 42. axb6 {[%clk 0:01:08]}  axb6 {[%clk 0:01:51]} 0-1

[Event "April 9 Early 2024"]
[Site "Chess.com"]
[Date "2024.04.09"]
[Round "3"]
[White "Leiva, Gianmarco"]
[Black "Llari, Marc"]
[Result "0-1"]
[Board "60"]
[WhiteFideId "3804399"]
[BlackFideId "651044269"]
[WhiteTitle "IM"]
[BlackTitle "CM"]
[WhiteElo "2814"]
[BlackElo "2454"]
[WhiteTeam "PER"]
[BlackTeam "FRA"]
[WhiteClock "0:00:00"]
[BlackClock "0:01:33"]
[Variant "Standard"]

1. e4 {[%clk 0:03:00]}  e6 {[%clk 0:03:00]} 2. d4 {[%clk 0:03:00]}  d5 {[%clk 0:03:01]} 3. Nc3 {[%clk 0:02:59]}  dxe4 {[%clk 0:03:00]} 4. Nxe4 {[%clk 0:02:58]}  Nf6 {[%clk 0:03:00]} 5. Bd3 {[%clk 0:02:44]}  Be7 {[%clk 0:03:00]} 6. Nf3 {[%clk 0:02:44]}  Nbd7 {[%clk 0:02:58]} 7. Qe2 {[%clk 0:02:40]}  h6 {[%clk 0:02:56]} 8. O-O {[%clk 0:02:36]}  O-O {[%clk 0:02:56]} 9. Rd1 {[%clk 0:02:26]}  Re8 {[%clk 0:02:56]} 10. b3 {[%clk 0:02:25]}  b6 {[%clk 0:02:55]} 11. Bb2 {[%clk 0:02:25]}  Bb7 {[%clk 0:02:56]} 12. c4 {[%clk 0:02:19]}  Nxe4 {[%clk 0:02:55]} 13. Bxe4 {[%clk 0:02:19]}  Bxe4 {[%clk 0:02:55]} 14. Qxe4 {[%clk 0:02:20]}  Nf6 {[%clk 0:02:55]} 15. Qc6 {[%clk 0:02:20]}  Qd7 {[%clk 0:02:53]} 16. Ne5 {[%clk 0:02:20]}  Qxc6 {[%clk 0:02:53]} 17. Nxc6 {[%clk 0:02:21]}  Nd7 {[%clk 0:02:47]} 18. d5 {[%clk 0:02:09]}  exd5 {[%clk 0:02:46]} 19. Rxd5 {[%clk 0:02:08]}  Bd6 {[%clk 0:02:41]} 20. Kf1 {[%clk 0:01:57]}  Re6 {[%clk 0:02:37]} 21. Re1 {[%clk 0:01:54]}  Rxe1+ {[%clk 0:02:36]} 22. Kxe1 {[%clk 0:01:55]}  Re8+ {[%clk 0:02:36]} 23. Kf1 {[%clk 0:01:52]}  a5 {[%clk 0:02:36]} 24. Bc3 {[%clk 0:01:38]}  Nc5 {[%clk 0:02:33]} 25. g3 {[%clk 0:01:30]}  f6 {[%clk 0:02:29]} 26. Na7 {[%clk 0:01:30]}  Re6 {[%clk 0:02:23]} 27. Nb5 {[%clk 0:01:29]}  Kf7 {[%clk 0:02:21]} 28. Bd4 {[%clk 0:01:24]}  Nb7 {[%clk 0:02:20]} 29. Be3 {[%clk 0:01:10]}  Ke7 {[%clk 0:02:15]} 30. h4 {[%clk 0:00:54]}  c6 {[%clk 0:02:02]} 31. Nxd6 {[%clk 0:00:54]}  Nxd6 {[%clk 0:02:02]} 32. Rd3 {[%clk 0:00:50]}  Nc8 {[%clk 0:01:57]} 33. g4 {[%clk 0:00:47]}  Rd6 {[%clk 0:01:55]} 34. Ke2 {[%clk 0:00:47]}  Rxd3 {[%clk 0:01:54]} 35. Kxd3 {[%clk 0:00:48]}  Ke6 {[%clk 0:01:52]} 36. Ke4 {[%clk 0:00:49]}  Nd6+ {[%clk 0:01:52]} 37. Kf4 {[%clk 0:00:49]}  g5+ {[%clk 0:01:52]} 38. Kf3 {[%clk 0:00:47]}  c5 {[%clk 0:01:51]} 39. h5 {[%clk 0:00:45]}  f5 {[%clk 0:01:48]} 40. Bd2 {[%clk 0:00:44]}  Ne4 {[%clk 0:01:40]} 41. Bc1 {[%clk 0:00:29]}  Nf6 {[%clk 0:01:40]} 42. gxf5+ {[%clk 0:00:25]}  Kxf5 {[%clk 0:01:41]} 43. a3 {[%clk 0:00:16]}  Nxh5 {[%clk 0:01:41]} 44. Be3 {[%clk 0:00:11]}  Nf4 {[%clk 0:01:39]} 45. b4 {[%clk 0:00:10]}  axb4 {[%clk 0:01:34]} 46. axb4 {[%clk 0:00:10]}  cxb4 {[%clk 0:01:34]} 47. Bxb6 {[%clk 0:00:11]}  b3 {[%clk 0:01:35]} 48. Bd4 {[%clk 0:00:10]}  Nd3 {[%clk 0:01:36]} 49. c5 {[%clk 0:00:09]}  Nxc5 {[%clk 0:01:33]} 50. Ke2 {[%clk 0:00:00]}  Na4 {[%clk 0:01:33]} 0-1

[Event "April 9 Early 2024"]
[Site "Chess.com"]
[Date "2024.04.09"]
[Round "3"]
[White "Garcia Molina, Jose"]
[Black "Yuan, Qingyu"]
[Result "0-1"]
[Board "61"]
[WhiteFideId "32030592"]
[BlackFideId "8609772"]
[WhiteTitle "FM"]
[WhiteElo "2390"]
[BlackElo "2812"]
[WhiteTeam "ESP"]
[BlackTeam "CHN"]
[WhiteClock "0:00:15"]
[BlackClock "0:00:18"]
[Variant "Standard"]

1. Nf3 {[%clk 0:03:00]}  d5 {[%clk 0:02:56]} 2. b3 {[%clk 0:02:58]}  Nf6 {[%clk 0:02:52]} 3. Bb2 {[%clk 0:02:58]}  e6 {[%clk 0:02:53]} 4. e3 {[%clk 0:02:58]}  Be7 {[%clk 0:02:53]} 5. Be2 {[%clk 0:02:57]}  b6 {[%clk 0:02:53]} 6. c4 {[%clk 0:02:57]}  Bb7 {[%clk 0:02:53]} 7. O-O {[%clk 0:02:57]}  O-O {[%clk 0:02:53]} 8. d4 {[%clk 0:02:57]}  Nbd7 {[%clk 0:02:48]} 9. Nc3 {[%clk 0:02:56]}  c5 {[%clk 0:02:48]} 10. Re1 {[%clk 0:02:55]}  Re8 {[%clk 0:02:39]} 11. Bf1 {[%clk 0:02:54]}  Bf8 {[%clk 0:02:34]} 12. Rc1 {[%clk 0:02:45]}  Rc8 {[%clk 0:02:31]} 13. a4 {[%clk 0:02:29]}  cxd4 {[%clk 0:02:24]} 14. exd4 {[%clk 0:02:29]}  Bb4 {[%clk 0:02:19]} 15. h3 {[%clk 0:02:10]}  Ne4 {[%clk 0:02:15]} 16. Re3 {[%clk 0:02:08]}  Nd6 {[%clk 0:01:58]} 17. Ne5 {[%clk 0:01:50]}  dxc4 {[%clk 0:01:50]} 18. Rg3 {[%clk 0:01:14]}  Nf5 {[%clk 0:01:27]} 19. Rg4 {[%clk 0:01:09]}  Nf6 {[%clk 0:01:09]} 20. Rf4 {[%clk 0:00:45]}  cxb3 {[%clk 0:01:06]} 21. g4 {[%clk 0:00:35]}  Nd5 {[%clk 0:00:50]} 22. gxf5 {[%clk 0:00:20]}  Nxf4 {[%clk 0:00:44]} 23. Qg4 {[%clk 0:00:20]}  Bxc3 {[%clk 0:00:34]} 24. Rxc3 {[%clk 0:00:15]}  Rxc3 {[%clk 0:00:29]} 25. Bxc3 {[%clk 0:00:15]}  Nd5 {[%clk 0:00:27]} 26. fxe6 {[%clk 0:00:16]}  Rxe6 {[%clk 0:00:24]} 27. Bb2 {[%clk 0:00:13]}  Nf6 {[%clk 0:00:20]} 28. Qg3 {[%clk 0:00:12]}  Qd5 {[%clk 0:00:20]} 29. Bg2 {[%clk 0:00:12]}  Qxg2+ {[%clk 0:00:20]} 30. Qxg2 {[%clk 0:00:13]}  Bxg2 {[%clk 0:00:20]} 31. Kxg2 {[%clk 0:00:14]}  Nd5 {[%clk 0:00:21]} 32. Kf3 {[%clk 0:00:14]}  h6 {[%clk 0:00:19]} 33. Ke4 {[%clk 0:00:14]}  Nb4 {[%clk 0:00:18]} 34. f4 {[%clk 0:00:14]}  f6 {[%clk 0:00:18]} 35. f5 {[%clk 0:00:14]}  Re8 {[%clk 0:00:18]} 36. Bc3 {[%clk 0:00:14]}  fxe5 {[%clk 0:00:18]} 37. dxe5 {[%clk 0:00:15]}  Nc6 {[%clk 0:00:16]} 38. e6 {[%clk 0:00:15]}  g6 {[%clk 0:00:17]} 39. Kd5 {[%clk 0:00:16]}  Ne7+ {[%clk 0:00:17]} 40. Kd6 {[%clk 0:00:16]}  Nxf5+ {[%clk 0:00:17]} 41. Kd7 {[%clk 0:00:17]}  Re7+ {[%clk 0:00:18]} 42. Kd8 {[%clk 0:00:15]}  Rxe6 {[%clk 0:00:18]} 0-1

[Event "April 9 Early 2024"]
[Site "Chess.com"]
[Date "2024.04.10"]
[Round "3"]
[White "Aakash G"]
[Black "Macovei, Andrei"]
[Result "1-0"]
[Board "63"]
[WhiteFideId "25644394"]
[BlackFideId "13904680"]
[WhiteTitle "CM"]
[BlackTitle "IM"]
[WhiteElo "2296"]
[BlackElo "2808"]
[WhiteTeam "IND"]
[BlackTeam "MDA"]
[WhiteClock "0:00:32"]
[BlackClock "0:00:00"]
[Variant "Standard"]

1. d4 {[%clk 0:03:00]}  Nf6 {[%clk 0:02:44]} 2. c4 {[%clk 0:02:59]}  e6 {[%clk 0:02:41]} 3. Nc3 {[%clk 0:02:58]}  Bb4 {[%clk 0:02:36]} 4. Qc2 {[%clk 0:02:59]}  d5 {[%clk 0:02:36]} 5. a3 {[%clk 0:02:58]}  Bxc3+ {[%clk 0:02:30]} 6. Qxc3 {[%clk 0:02:59]}  O-O {[%clk 0:02:29]} 7. Bg5 {[%clk 0:02:58]}  h6 {[%clk 0:02:23]} 8. Bxf6 {[%clk 0:02:53]}  Qxf6 {[%clk 0:02:23]} 9. cxd5 {[%clk 0:02:54]}  exd5 {[%clk 0:02:23]} 10. e3 {[%clk 0:02:55]}  c6 {[%clk 0:02:20]} 11. Nf3 {[%clk 0:02:54]}  Bf5 {[%clk 0:02:18]} 12. Bd3 {[%clk 0:02:52]}  Nd7 {[%clk 0:02:11]} 13. Bxf5 {[%clk 0:02:48]}  Qxf5 {[%clk 0:02:11]} 14. O-O {[%clk 0:02:49]}  Nf6 {[%clk 0:02:09]} 15. Ne5 {[%clk 0:02:48]}  Ne4 {[%clk 0:02:06]} 16. Qb4 {[%clk 0:02:48]}  f6 {[%clk 0:01:58]} 17. Nd3 {[%clk 0:02:21]}  Rf7 {[%clk 0:01:50]} 18. Nf4 {[%clk 0:02:15]}  a5 {[%clk 0:01:46]} 19. Qe1 {[%clk 0:02:12]}  a4 {[%clk 0:01:46]} 20. f3 {[%clk 0:02:12]}  Nd6 {[%clk 0:01:45]} 21. Qc3 {[%clk 0:02:11]}  Re8 {[%clk 0:01:41]} 22. Rae1 {[%clk 0:02:09]}  Rfe7 {[%clk 0:01:40]} 23. g3 {[%clk 0:02:00]}  h5 {[%clk 0:01:14]} 24. Qb4 {[%clk 0:01:52]}  Nc4 {[%clk 0:00:55]} 25. e4 {[%clk 0:01:50]}  Qg5 {[%clk 0:00:55]} 26. exd5 {[%clk 0:01:42]}  Rxe1 {[%clk 0:00:42]} 27. Rxe1 {[%clk 0:01:43]}  Rxe1+ {[%clk 0:00:42]} 28. Qxe1 {[%clk 0:01:44]}  cxd5 {[%clk 0:00:41]} 29. Qe8+ {[%clk 0:01:31]}  Kh7 {[%clk 0:00:41]} 30. Qxa4 {[%clk 0:01:23]}  h4 {[%clk 0:00:30]} 31. Qc2+ {[%clk 0:01:19]}  Kg8 {[%clk 0:00:22]} 32. Kf2 {[%clk 0:01:14]}  hxg3+ {[%clk 0:00:22]} 33. hxg3 {[%clk 0:01:15]}  Qh6 {[%clk 0:00:22]} 34. Kg1 {[%clk 0:01:11]}  Qg5 {[%clk 0:00:20]} 35. Qg6 {[%clk 0:00:55]}  Qxg6 {[%clk 0:00:17]} 36. Nxg6 {[%clk 0:00:56]}  Kf7 {[%clk 0:00:11]} 37. Nf4 {[%clk 0:00:56]}  Nxb2 {[%clk 0:00:10]} 38. Nxd5 {[%clk 0:00:56]}  Nc4 {[%clk 0:00:10]} 39. a4 {[%clk 0:00:54]}  Ke6 {[%clk 0:00:10]} 40. Nc3 {[%clk 0:00:53]}  Nb6 {[%clk 0:00:03]} 41. Kf2 {[%clk 0:00:52]}  Nd5 {[%clk 0:00:04]} 42. Nxd5 {[%clk 0:00:38]}  Kxd5 {[%clk 0:00:05]} 43. Ke3 {[%clk 0:00:38]}  Kc4 {[%clk 0:00:05]} 44. Ke4 {[%clk 0:00:38]}  b6 {[%clk 0:00:04]} 45. f4 {[%clk 0:00:35]}  g6 {[%clk 0:00:02]} 46. g4 {[%clk 0:00:34]}  Kb4 {[%clk 0:00:01]} 47. d5 {[%clk 0:00:32]}  Kc5 {[%clk 0:00:00]} 48. g5 {[%clk 0:00:32]} 1-0

[Event "April 9 Early 2024"]
[Site "Chess.com"]
[Date "2024.04.09"]
[Round "3"]
[White "Shirov, Alexei"]
[Black "Marina Kaydanovich"]
[Result "0-1"]
[Board "64"]
[WhiteFideId "2209390"]
[BlackFideId "4134877"]
[WhiteTitle "GM"]
[BlackTitle "WIM"]
[WhiteElo "2807"]
[BlackElo "2246"]
[WhiteTeam "ESP"]
[BlackTeam "RUS"]
[WhiteClock "0:00:18"]
[BlackClock "0:00:35"]
[Variant "Standard"]

1. e4 {[%clk 0:03:00]}  e5 {[%clk 0:02:57]} 2. Nf3 {[%clk 0:03:00]}  Nc6 {[%clk 0:02:56]} 3. Bb5 {[%clk 0:03:00]}  Nf6 {[%clk 0:02:56]} 4. d3 {[%clk 0:02:56]}  Bc5 {[%clk 0:02:54]} 5. Bg5 {[%clk 0:02:54]}  h6 {[%clk 0:02:48]} 6. Bh4 {[%clk 0:02:54]}  g5 {[%clk 0:02:47]} 7. Bg3 {[%clk 0:02:53]}  d6 {[%clk 0:02:47]} 8. d4 {[%clk 0:02:45]}  exd4 {[%clk 0:02:45]} 9. Nxd4 {[%clk 0:02:44]}  Bd7 {[%clk 0:02:43]} 10. Nxc6 {[%clk 0:02:41]}  bxc6 {[%clk 0:02:44]} 11. Bd3 {[%clk 0:02:41]}  O-O {[%clk 0:02:40]} 12. O-O {[%clk 0:02:40]}  Re8 {[%clk 0:02:35]} 13. Nd2 {[%clk 0:02:40]}  Rb8 {[%clk 0:02:32]} 14. Nb3 {[%clk 0:02:30]}  Bb6 {[%clk 0:02:27]} 15. Re1 {[%clk 0:02:29]}  a5 {[%clk 0:02:23]} 16. a4 {[%clk 0:02:27]}  d5 {[%clk 0:02:17]} 17. e5 {[%clk 0:02:23]}  Bg4 {[%clk 0:02:08]} 18. Qd2 {[%clk 0:02:12]}  Ne4 {[%clk 0:02:03]} 19. Bxe4 {[%clk 0:02:08]}  dxe4 {[%clk 0:02:04]} 20. Rxe4 {[%clk 0:01:58]}  Qxd2 {[%clk 0:01:49]} 21. Nxd2 {[%clk 0:01:57]}  Be6 {[%clk 0:01:48]} 22. b3 {[%clk 0:01:44]}  Rbd8 {[%clk 0:01:47]} 23. Nc4 {[%clk 0:01:42]}  Bd4 {[%clk 0:01:45]} 24. Rae1 {[%clk 0:01:36]}  Bxc4 {[%clk 0:01:42]} 25. bxc4 {[%clk 0:01:35]}  Bc3 {[%clk 0:01:42]} 26. Rb1 {[%clk 0:01:33]}  Rd2 {[%clk 0:01:36]} 27. f3 {[%clk 0:01:21]}  Rxc2 {[%clk 0:01:33]} 28. h4 {[%clk 0:01:21]}  Rd8 {[%clk 0:01:27]} 29. Be1 {[%clk 0:00:34]}  Bxe1 {[%clk 0:01:17]} 30. Rbxe1 {[%clk 0:00:34]}  Rdd2 {[%clk 0:01:13]} 31. Rg4 {[%clk 0:00:34]}  Kg7 {[%clk 0:01:09]} 32. hxg5 {[%clk 0:00:33]}  h5 {[%clk 0:01:08]} 33. Rg3 {[%clk 0:00:33]}  Rxc4 {[%clk 0:01:04]} 34. e6 {[%clk 0:00:33]}  fxe6 {[%clk 0:01:03]} 35. Rxe6 {[%clk 0:00:32]}  Rd6 {[%clk 0:01:01]} 36. Re7+ {[%clk 0:00:30]}  Kg6 {[%clk 0:00:59]} 37. Rxc7 {[%clk 0:00:29]}  Rxa4 {[%clk 0:00:57]} 38. Kh2 {[%clk 0:00:28]}  h4 {[%clk 0:00:53]} 39. Rh3 {[%clk 0:00:28]}  Kxg5 {[%clk 0:00:51]} 40. Rg7+ {[%clk 0:00:26]}  Kf6 {[%clk 0:00:50]} 41. Rh7 {[%clk 0:00:26]}  Kg5 {[%clk 0:00:48]} 42. Rg7+ {[%clk 0:00:26]}  Kh6 {[%clk 0:00:45]} 43. Rc7 {[%clk 0:00:25]}  Kg6 {[%clk 0:00:43]} 44. Rc8 {[%clk 0:00:24]}  Rf4 {[%clk 0:00:40]} 45. Rh8 {[%clk 0:00:23]}  Kg7 {[%clk 0:00:38]} 46. R8xh4 {[%clk 0:00:22]}  Rxh4 {[%clk 0:00:37]} 47. Rxh4 {[%clk 0:00:18]}  Rh6 {[%clk 0:00:35]} 0-1

[Event "April 9 Early 2024"]
[Site "Chess.com"]
[Date "2024.04.09"]
[Round "3"]
[White "Pultinevicius, Paulius"]
[Black "Mateo Rodriguez Polo"]
[Result "1-0"]
[Board "81"]
[WhiteFideId "12809390"]
[BlackFideId "24509396"]
[WhiteTitle "GM"]
[BlackTitle "CM"]
[WhiteElo "2765"]
[BlackElo "2397"]
[WhiteTeam "LTU"]
[BlackTeam "ESP"]
[WhiteClock "0:00:13"]
[BlackClock "0:00:00"]
[Variant "Standard"]

1. c4 {[%clk 0:03:00]}  Nf6 {[%clk 0:02:56]} 2. Nc3 {[%clk 0:03:00]}  c5 {[%clk 0:02:45]} 3. g3 {[%clk 0:02:58]}  g6 {[%clk 0:02:45]} 4. Bg2 {[%clk 0:02:57]}  Bg7 {[%clk 0:02:46]} 5. e3 {[%clk 0:02:55]}  Nc6 {[%clk 0:02:38]} 6. d4 {[%clk 0:02:54]}  cxd4 {[%clk 0:02:38]} 7. exd4 {[%clk 0:02:55]}  O-O {[%clk 0:02:27]} 8. Nge2 {[%clk 0:02:55]}  d6 {[%clk 0:02:23]} 9. h3 {[%clk 0:02:52]}  Bd7 {[%clk 0:02:17]} 10. O-O {[%clk 0:02:52]}  Rc8 {[%clk 0:02:17]} 11. Be3 {[%clk 0:02:49]}  a6 {[%clk 0:02:17]} 12. a4 {[%clk 0:02:43]}  Qc7 {[%clk 0:01:59]} 13. Kh2 {[%clk 0:02:37]}  Rfe8 {[%clk 0:01:53]} 14. Nf4 {[%clk 0:02:18]}  Nb4 {[%clk 0:01:40]} 15. b3 {[%clk 0:02:14]}  e5 {[%clk 0:01:40]} 16. dxe5 {[%clk 0:02:03]}  dxe5 {[%clk 0:01:39]} 17. Nfd5 {[%clk 0:02:01]}  Nfxd5 {[%clk 0:01:38]} 18. Nxd5 {[%clk 0:02:01]}  Nxd5 {[%clk 0:01:36]} 19. Bxd5 {[%clk 0:01:59]}  Bc6 {[%clk 0:01:33]} 20. a5 {[%clk 0:01:58]}  Bxd5 {[%clk 0:01:27]} 21. cxd5 {[%clk 0:01:54]}  e4 {[%clk 0:01:23]} 22. Ra4 {[%clk 0:01:51]}  h5 {[%clk 0:01:17]} 23. Re1 {[%clk 0:01:41]}  h4 {[%clk 0:01:15]} 24. d6 {[%clk 0:01:31]}  Qd7 {[%clk 0:01:15]} 25. Bf4 {[%clk 0:01:23]}  hxg3+ {[%clk 0:01:14]} 26. Bxg3 {[%clk 0:01:22]}  f5 {[%clk 0:00:23]} 27. Qd5+ {[%clk 0:01:22]}  Qe6 {[%clk 0:00:17]} 28. Qxb7 {[%clk 0:01:06]}  Rc2 {[%clk 0:00:08]} 29. Rc4 {[%clk 0:00:41]}  Rd2 {[%clk 0:00:05]} 30. Rc7 {[%clk 0:00:33]}  Be5 {[%clk 0:00:05]} 31. d7 {[%clk 0:00:16]}  Rxf2+ {[%clk 0:00:01]} 32. Kg1 {[%clk 0:00:15]}  Bxg3 {[%clk 0:00:01]} 33. dxe8=Q+ {[%clk 0:00:15]}  Qxe8 {[%clk 0:00:00]} 34. Rc8 {[%clk 0:00:13]} 1-0

[Event "April 9 Early 2024"]
[Site "Chess.com"]
[Date "2024.04.09"]
[Round "3"]
[White "Toktomushev, Teimur"]
[Black "Vakhlamov, Igor L."]
[Result "0-1"]
[Board "92"]
[WhiteFideId "14176726"]
[BlackFideId "24126748"]
[WhiteTitle "FM"]
[BlackTitle "FM"]
[WhiteElo "2538"]
[BlackElo "2880"]
[WhiteTeam "SUI"]
[BlackTeam "RUS"]
[WhiteClock "0:00:00"]
[BlackClock "0:01:32"]
[Variant "Standard"]

1. d4 {[%clk 0:03:00]}  d5 {[%clk 0:03:00]} 2. c4 {[%clk 0:03:00]}  e6 {[%clk 0:03:00]} 3. Nc3 {[%clk 0:03:01]}  c5 {[%clk 0:03:00]} 4. cxd5 {[%clk 0:02:56]}  cxd4 {[%clk 0:03:01]} 5. Qa4+ {[%clk 0:02:54]}  Bd7 {[%clk 0:03:02]} 6. Qxd4 {[%clk 0:02:55]}  exd5 {[%clk 0:03:02]} 7. Qxd5 {[%clk 0:02:56]}  Nf6 {[%clk 0:03:03]} 8. Qd1 {[%clk 0:02:56]}  Bc5 {[%clk 0:03:03]} 9. Nf3 {[%clk 0:02:46]}  O-O {[%clk 0:03:04]} 10. a3 {[%clk 0:02:28]}  Qe7 {[%clk 0:03:01]} 11. Bg5 {[%clk 0:02:18]}  Bc6 {[%clk 0:02:47]} 12. e3 {[%clk 0:02:00]}  Rd8 {[%clk 0:02:48]} 13. Qc2 {[%clk 0:01:59]}  h6 {[%clk 0:02:48]} 14. Bxf6 {[%clk 0:01:47]}  Qxf6 {[%clk 0:02:48]} 15. Be2 {[%clk 0:01:35]}  Nd7 {[%clk 0:02:49]} 16. O-O {[%clk 0:01:31]}  Ne5 {[%clk 0:02:49]} 17. Ne4 {[%clk 0:01:14]}  Bxe4 {[%clk 0:02:19]} 18. Qxe4 {[%clk 0:01:15]}  Nxf3+ {[%clk 0:02:12]} 19. Bxf3 {[%clk 0:01:09]}  Qxb2 {[%clk 0:02:06]} 20. Rab1 {[%clk 0:00:41]}  Qxa3 {[%clk 0:02:06]} 21. Rxb7 {[%clk 0:00:41]}  Rab8 {[%clk 0:02:03]} 22. g3 {[%clk 0:00:24]}  Rxb7 {[%clk 0:02:01]} 23. Qxb7 {[%clk 0:00:25]}  Bb6 {[%clk 0:01:59]} 24. Rd1 {[%clk 0:00:09]}  Rxd1+ {[%clk 0:01:49]} 25. Bxd1 {[%clk 0:00:10]}  g6 {[%clk 0:01:48]} 26. Bf3 {[%clk 0:00:09]}  Qa1+ {[%clk 0:01:37]} 27. Kg2 {[%clk 0:00:09]}  Qf6 {[%clk 0:01:38]} 28. Bd5 {[%clk 0:00:09]}  h5 {[%clk 0:01:38]} 29. h4 {[%clk 0:00:08]}  Kg7 {[%clk 0:01:39]} 30. Qc6 {[%clk 0:00:02]}  Qe5 {[%clk 0:01:36]} 31. Qd7 {[%clk 0:00:02]}  Qf6 {[%clk 0:01:35]} 32. Qc6 {[%clk 0:00:03]}  Qe7 {[%clk 0:01:35]} 33. Qb7 {[%clk 0:00:02]}  Qe8 {[%clk 0:01:33]} 34. Qc6 {[%clk 0:00:01]}  Qd8 {[%clk 0:01:31]} 35. Qb7 {[%clk 0:00:01]}  Bc7 {[%clk 0:01:32]} 36. Qxa7 {[%clk 0:00:00]}  Qxd5+ {[%clk 0:01:32]} 0-1

[Event "April 9 Early 2024"]
[Site "Chess.com"]
[Date "2024.04.09"]
[Round "3"]
[White "Vovk, Orest"]
[Black "Molina, Roberto Junio Brito"]
[Result "0-1"]
[Board "94"]
[WhiteFideId "14113490"]
[BlackFideId "2109450"]
[WhiteTitle "FM"]
[BlackTitle "IM"]
[WhiteElo "2536"]
[BlackElo "2871"]
[WhiteTeam "UKR"]
[BlackTeam "BRA"]
[WhiteClock "0:00:00"]
[BlackClock "0:00:14"]
[Variant "Standard"]

1. Nh3 {[%clk 0:02:41]}  e5 {[%clk 0:02:57]} 2. g4 {[%clk 0:02:40]}  d5 {[%clk 0:02:53]} 3. Rg1 {[%clk 0:02:37]}  c5 {[%clk 0:02:45]} 4. c4 {[%clk 0:02:34]}  d4 {[%clk 0:02:43]} 5. d3 {[%clk 0:02:28]}  Nc6 {[%clk 0:02:41]} 6. Bg2 {[%clk 0:02:27]}  Bd7 {[%clk 0:02:28]} 7. Ng5 {[%clk 0:02:09]}  Be7 {[%clk 0:02:24]} 8. Bxc6 {[%clk 0:02:05]}  Bxc6 {[%clk 0:02:20]} 9. Ne4 {[%clk 0:02:05]}  f6 {[%clk 0:02:15]} 10. Nbd2 {[%clk 0:01:59]}  Nh6 {[%clk 0:02:10]} 11. Nf3 {[%clk 0:01:52]}  Nf7 {[%clk 0:02:09]} 12. g5 {[%clk 0:01:39]}  f5 {[%clk 0:02:08]} 13. g6 {[%clk 0:01:39]}  hxg6 {[%clk 0:02:02]} 14. Neg5 {[%clk 0:01:37]}  Nxg5 {[%clk 0:02:00]} 15. Bxg5 {[%clk 0:01:29]}  Bxg5 {[%clk 0:01:47]} 16. Nxg5 {[%clk 0:01:25]}  Rxh2 {[%clk 0:01:46]} 17. Nf3 {[%clk 0:01:13]}  Bxf3 {[%clk 0:01:36]} 18. exf3 {[%clk 0:01:13]}  Qa5+ {[%clk 0:01:32]} 19. Ke2 {[%clk 0:01:11]}  Kf7 {[%clk 0:01:26]} 20. Rxg6 {[%clk 0:01:04]}  Rxf2+ {[%clk 0:01:04]} 21. Kxf2 {[%clk 0:01:05]}  Kxg6 {[%clk 0:01:04]} 22. Qe2 {[%clk 0:00:55]}  Re8 {[%clk 0:01:02]} 23. Rg1+ {[%clk 0:00:49]}  Kf7 {[%clk 0:00:59]} 24. f4 {[%clk 0:00:38]}  g6 {[%clk 0:00:51]} 25. fxe5 {[%clk 0:00:32]}  Qc7 {[%clk 0:00:51]} 26. Re1 {[%clk 0:00:30]}  Qc6 {[%clk 0:00:41]} 27. Kg3 {[%clk 0:00:18]}  Ke6 {[%clk 0:00:37]} 28. Qh2 {[%clk 0:00:13]}  Qc7 {[%clk 0:00:30]} 29. Qh6 {[%clk 0:00:09]}  Qf7 {[%clk 0:00:29]} 30. Kf4 {[%clk 0:00:09]}  Re7 {[%clk 0:00:27]} 31. Rg1 {[%clk 0:00:08]}  Kd7 {[%clk 0:00:24]} 32. Rxg6 {[%clk 0:00:07]}  Kc7 {[%clk 0:00:18]} 33. Rf6 {[%clk 0:00:05]}  Qg8 {[%clk 0:00:16]} 34. Rg6 {[%clk 0:00:03]}  Qe8 {[%clk 0:00:14]} 35. e6 {[%clk 0:00:02]}  Qc6 {[%clk 0:00:14]} 36. Kxf5 {[%clk 0:00:01]}  Qf3+ {[%clk 0:00:13]} 37. Qf4+ {[%clk 0:00:02]}  Qxf4+ {[%clk 0:00:14]} 38. Kxf4 {[%clk 0:00:02]}  Kd6 {[%clk 0:00:15]} 39. Kf5 {[%clk 0:00:02]}  Re8 {[%clk 0:00:14]} 40. Rf6 {[%clk 0:00:02]}  Rh8 {[%clk 0:00:14]} 41. Rf7 {[%clk 0:00:02]}  Rh5+ {[%clk 0:00:13]} 42. Kg6 {[%clk 0:00:03]}  Re5 {[%clk 0:00:13]} 43. Rxb7 {[%clk 0:00:02]}  Rxe6+ {[%clk 0:00:13]} 44. Kf5 {[%clk 0:00:03]}  Re3 {[%clk 0:00:14]} 45. Rxa7 {[%clk 0:00:02]}  Rxd3 {[%clk 0:00:15]} 46. Ra6+ {[%clk 0:00:03]}  Kc7 {[%clk 0:00:15]} 47. b3 {[%clk 0:00:03]}  Re3 {[%clk 0:00:15]} 48. Kf4 {[%clk 0:00:03]}  Re8 {[%clk 0:00:14]} 49. Ra7+ {[%clk 0:00:03]}  Kd6 {[%clk 0:00:15]} 50. Ra6+ {[%clk 0:00:04]}  Kd7 {[%clk 0:00:15]} 51. Ra7+ {[%clk 0:00:04]}  Kc6 {[%clk 0:00:16]} 52. Ra6+ {[%clk 0:00:04]}  Kc7 {[%clk 0:00:16]} 53. Ra7+ {[%clk 0:00:04]}  Kb6 {[%clk 0:00:17]} 54. Rd7 {[%clk 0:00:04]}  Kc6 {[%clk 0:00:17]} 55. Rd5 {[%clk 0:00:04]}  Re2 {[%clk 0:00:17]} 56. b4 {[%clk 0:00:03]}  cxb4 {[%clk 0:00:16]} 57. Rxd4 {[%clk 0:00:04]}  Kc5 {[%clk 0:00:15]} 58. Re4 {[%clk 0:00:00]}  Rxa2 {[%clk 0:00:14]} 0-1